Výběr zaměstnanců zkoušky, testy, rozhovory

Salvato in:
Dettagli Bibliografici
Autore principale: Kolman, Luděk
Natura: Libro
Lingua:ceco
Pubblicazione: Praha LINDE 2004
Soggetti:
Tags: Aggiungi Tag
Nessun Tag, puoi essere il primo ad aggiungerne!!

MARC

LEADER 00000nam$a2200000$$$4500
001 0036520
005 20240306141736.1
020 |a 80-86131-53-X 
041 0 |a cze 
044 |a CZ 
245 1 0 |a Výběr zaměstnanců  |b zkoušky, testy, rozhovory  |c Luděk Kolman 
264 1 |a Praha  |b LINDE  |c 2004 
300 |a 175 s. 
610 2 0 |a výber pracovníkov 
610 2 0 |a zamestnanci 
610 2 0 |a riadenie personálne 
610 2 0 |a psychológia práce 
610 2 0 |a testy 
610 2 0 |a profesiografia 
610 2 0 |a štúdie profesiografické 
610 2 0 |a výkony pracovné 
610 2 0 |a rozhovor 
610 2 0 |a riadenie ľudských zdrojov 
100 1 |a Kolman, Luděk